Marc per al pla d'aigües de Catalunya : any 1981 / Generalitat de Catalunya, Departament de Política Territorial i Obres Públiques any 1981 / Generalitat de Catalunya, Departament de Política Territorial i Obres Públiques
Descripción Física:
2 v. : mapes pleg. ; 31 cm
Materias:
Aigua -- Abastament -- Catalunya
MARC
| LEADER | 00000nam a2200000Ia 4500 | ||
|---|---|---|---|
| 001 | 1153, 1154 | ||
| 008 | 160829s1981 xx 000 0 cat d | ||
| 080 | |a FOL-1-87, FOL-1-88 | ||
| 110 | |a Catalunya. |b Departament de Política Territorial i Obres Públiques |9 53042 | ||
| 245 | |a Marc per al pla d'aigües de Catalunya : |b any 1981 / Generalitat de Catalunya, Departament de Política Territorial i Obres Públiques | ||
| 260 | |a Barcelona : |b [el Departament], |c 1981 | ||
| 300 | |a 2 v. : |b mapes pleg. ; |c 31 cm | ||
| 650 | 0 | |a Aigua |x Abastament |z Catalunya |9 71488 | |
| 866 | |a V. 1 (Memòria. Anexos de 1 al 9) , v. 2 (Anexos de 10 al 12) | ||
| 901 | |a Arxiu | ||
| 942 | |n 1 | ||
| 952 | |0 0 |1 0 |4 0 |6 FOL187_FOL188 |7 1 |9 43081 |a Arxiu |b Arxiu |d 2016-12-01 |l 0 |o FOL-1-87, FOL-1-88 |p 1153, 1154 |r 2016-12-01 00:00:00 |w 2016-12-01 |y ARXIU | ||
| 999 | |c 45625 |d 45625 | ||